| 000 | 01113cam a2200361 a 4500 | ||
|---|---|---|---|
| 001 | 57720 | ||
| 003 | CO-BoRNBP | ||
| 005 | 20250729143840.0 | ||
| 007 | ta | ||
| 008 | 120411s2011 ck a jr 00011 spa d | ||
| 020 | _a9789587042771 | ||
| 020 | _a9789587583120 | ||
| 040 |
_aCO-BoBLA _bspa _cCO-BoBLA |
||
| 041 | 1 |
_aspa _heng |
|
| 043 | _ae-uk-en | ||
| 082 | 0 | 4 |
_aI823.91 _bM24a3 _219 |
| 100 | 1 |
_aMcKee, David, _d1935- |
|
| 245 | 1 | 0 |
_aAhora no, Bernando / _cDavid McKee ; traducción Yolanda Reyes. |
| 250 | _a1a. edición | ||
| 300 |
_a[25] p. : _bil. ; _c24 cm. |
||
| 336 |
_2rdacontent _atexto _btxt |
||
| 337 |
_2rdamedia _asin mediación _bn |
||
| 338 |
_2rdacarrier _avolumen _bnc |
||
| 490 | 0 | _aNidos para la lectura | |
| 490 | 1 | _aLeer es mi cuento. Plan Nacional de Lectura y Escritura | |
| 534 | _tNot now, Bernard. | ||
| 650 | 7 |
_aCuentos infantiles ingleses. _2BLAAUTO _915884 |
|
| 650 | 7 |
_aPadres e hijos _vCuentos. _2BLAAUTO _961429 |
|
| 650 | 7 |
_aLibros ilustrados para niños. _2BLAAUTO _92001 |
|
| 700 | 1 |
_aReyes, Yolanda, _d1959- _etr. |
|
| 942 |
_2ddc _cBK |
||
| 949 |
_an _bn |
||
| 999 |
_c57720 _d57720 |
||